|
|
|
|
| LEADER |
03583nam a22005535i 4500 |
| 001 |
978-3-540-75221-9 |
| 003 |
DE-He213 |
| 005 |
20151204184659.0 |
| 007 |
cr nn 008mamaa |
| 008 |
100301s2007 gw | s |||| 0|eng d |
| 020 |
|
|
|a 9783540752219
|9 978-3-540-75221-9
|
| 024 |
7 |
|
|a 10.1007/978-3-540-75221-9
|2 doi
|
| 040 |
|
|
|d GrThAP
|
| 050 |
|
4 |
|a QA76.758
|
| 072 |
|
7 |
|a UMZ
|2 bicssc
|
| 072 |
|
7 |
|a UL
|2 bicssc
|
| 072 |
|
7 |
|a COM051230
|2 bisacsh
|
| 082 |
0 |
4 |
|a 005.1
|2 23
|
| 245 |
1 |
0 |
|a Formal Methods and Hybrid Real-Time Systems
|h [electronic resource] :
|b Essays in Honor of Dines Bjørner and Chaochen Zhou on the Occasion of Their 70th Birthdays /
|c edited by Cliff B. Jones, Zhiming Liu, Jim Woodcock.
|
| 264 |
|
1 |
|a Berlin, Heidelberg :
|b Springer Berlin Heidelberg,
|c 2007.
|
| 300 |
|
|
|a XVI, 542 p.
|b online resource.
|
| 336 |
|
|
|a text
|b txt
|2 rdacontent
|
| 337 |
|
|
|a computer
|b c
|2 rdamedia
|
| 338 |
|
|
|a online resource
|b cr
|2 rdacarrier
|
| 347 |
|
|
|a text file
|b PDF
|2 rda
|
| 490 |
1 |
|
|a Lecture Notes in Computer Science,
|x 0302-9743 ;
|v 4700
|
| 505 |
0 |
|
|a Models and Software Model Checking of a Distributed File Replication System -- From “Formal Methods” to System Modeling -- A Denotational Semantics for Handel-C -- Generating Polynomial Invariants with DISCOVERER and QEPCAD -- Harnessing rCOS for Tool Support —The CoCoME Experience -- Automating Verification of Cooperation, Control, and Design in Traffic Applications -- Specifying Various Time Models with Temporal Propositional Variables in Duration Calculus -- Relating Domain Concepts Intensionally by Ordering Connections -- Programmable Messaging for Electronic Government - Building a Foundation -- Balancing Insight and Effort: The Industrial Uptake of Formal Methods -- Proving Theorems About JML Classes -- Specification for Testing -- Semantics and Verification of a Language for Modelling Hardware Architectures -- A Domain-Oriented, Model-Based Approach for Construction and Verification of Railway Control Systems -- Compensable Programs -- Deriving Specifications for Systems That Are Connected to the Physical World -- Engineering the Development of Embedded Systems -- Design Verification Patterns -- On Revival of Algol-Concepts in Modern Programming and Specification Languages -- Design in CommUnity with Extension Morphisms -- Symbolic Test Generation Using a Temporal Logic with Constrained Events -- Expansive-Bisimulation for Context-Free Processes -- VDM Semantics of Programming Languages: Combinators and Monads -- Formal Approach to Railway Applications -- Services as a Paradigm of Computation.
|
| 650 |
|
0 |
|a Computer science.
|
| 650 |
|
0 |
|a Computer organization.
|
| 650 |
|
0 |
|a Software engineering.
|
| 650 |
|
0 |
|a Computer logic.
|
| 650 |
|
0 |
|a Mathematical logic.
|
| 650 |
1 |
4 |
|a Computer Science.
|
| 650 |
2 |
4 |
|a Software Engineering/Programming and Operating Systems.
|
| 650 |
2 |
4 |
|a Software Engineering.
|
| 650 |
2 |
4 |
|a Logics and Meanings of Programs.
|
| 650 |
2 |
4 |
|a Computer Systems Organization and Communication Networks.
|
| 650 |
2 |
4 |
|a Mathematical Logic and Formal Languages.
|
| 700 |
1 |
|
|a Jones, Cliff B.
|e editor.
|
| 700 |
1 |
|
|a Liu, Zhiming.
|e editor.
|
| 700 |
1 |
|
|a Woodcock, Jim.
|e editor.
|
| 710 |
2 |
|
|a SpringerLink (Online service)
|
| 773 |
0 |
|
|t Springer eBooks
|
| 776 |
0 |
8 |
|i Printed edition:
|z 9783540752202
|
| 830 |
|
0 |
|a Lecture Notes in Computer Science,
|x 0302-9743 ;
|v 4700
|
| 856 |
4 |
0 |
|u http://dx.doi.org/10.1007/978-3-540-75221-9
|z Full Text via HEAL-Link
|
| 912 |
|
|
|a ZDB-2-SCS
|
| 912 |
|
|
|a ZDB-2-LNC
|
| 950 |
|
|
|a Computer Science (Springer-11645)
|